Cliquez sur la bonne traduction en breton - Les couleurs - Statistiques

Statistiques générales
  • Ce quiz a été pris 30 fois
  • Le résultat moyen est 5 sur 11
Statistiques - réponses
Hint Réponse % Correct
Blanc Gwenn
84%
Rouge Ruz
84%
Noir Du
68%
Jaune Melen
63%
Orange Melen-ruz
58%
Rose Damruz
32%
Bleu Glas
32%
Vert Gwer
26%
Violet Mouk
26%
Marron Gell
16%
Gris Louet
16%
Aucun quiz correspondant
Distribution des résultats
% des personnes avec chaque résultat
Percentile par nombre de réponses
Votre historique - résultats
Vous n’avez pas pris ce quiz